Informatyka

Enregistré dans:
Détails bibliographiques
Format: Livre
Langue:polonais
Publié: Wroclaw Akademia Ekon. im. Oskara Langego 1984
Collection:Prace naukowe nr. 275
Tags: Ajouter un tag
Pas de tags, Soyez le premier à ajouter un tag!

MARC

LEADER 00000nam a2200000 4500
001 c108615
005 20260120132704.1
041 0 |a pol 
044 |a PL 
245 1 0 |a Informatyka 
264 1 |a Wroclaw  |b Akademia Ekon. im. Oskara Langego  |c 1984 
300 |a 197 s. 
490 1 |a Prace naukowe  |v nr. 275 
830 0 |a Prace naukowe  |v nr. 275